Library of the University of Algiers 3
Ibrahim Sultan Cheibout
شعار جامعة الجزائر 3
مكتبة جامعة الجزائر 3
إبراهيم سلطان شيبوط

دور الزكاة في اعادة توزيع الدخل القومي في ظل الانظمة الإقتصادية العالمية : (رقم التسجيلة. 44195)

تفاصيل مارك
000 -LEADER
fixed length control field 01655nam a2200241Ia 4500
003 - CONTROL NUMBER IDENTIFIER
control field Ost
005 - DATE AND TIME OF LATEST TRANSACTION
control field 20260507075354.0
008 - FIXED-LENGTH DATA ELEMENTS--GENERAL INFORMATION
fixed length control field 260507s9999||||xx |||||||||||||| ||und||
020 ## - INTERNATIONAL STANDARD BOOK NUMBER
International Standard Book Number 1573397797
040 ## - CATALOGING SOURCE
Transcribing agency fsecg
041 ## - LANGUAGE CODE
Language code of text/sound track or separate title ara
082 ## - DEWEY DECIMAL CLASSIFICATION NUMBER
Classification number 330
100 ## - MAIN ENTRY--PERSONAL NAME
Personal name السريتى، السيد محمد أحمد
Relator term مؤلف
245 #0 - TITLE STATEMENT
Title دور الزكاة في اعادة توزيع الدخل القومي في ظل الانظمة الإقتصادية العالمية :
Remainder of title دراسة اقتصادية اسلامية /
Statement of responsibility, etc. السيد محمد أحمد السريتى
260 ## - PUBLICATION, DISTRIBUTION, ETC.
Place of publication, distribution, etc. الإسكندرية:
Name of publisher, distributor, etc. دار التعليم الجامعي,
Date of publication, distribution, etc. 2014
300 ## - PHYSICAL DESCRIPTION
Extent 486 صفحة؛
Other physical details إيضاحات ؛
Dimensions 24 سم
504 ## - BIBLIOGRAPHY, ETC. NOTE
Bibliography, etc. note المراجع ص.459؛ الملاحق ص.480
520 ## - SUMMARY, ETC.
Summary, etc. نمط توزيع الدخل ودور الزكاة في إعادة التوازن- النظام الإقتصادي وفلسفة التوزيع- تقويم أنماط توزيع الدخل في الانظمة الوضعية- مفهوم التوزيع الامثل للدخل من وجهة النظر الإسلامية- امكانيات تطبيق النظام الإقتصادي الأسلامي واحياء وظيفة الزكاة- دور الزكاة في اعادة توزيع الدخل القومي- وصف النمط الراهن لتوزيع الدخل القومي في مصر- محاولة تقدير حصيلة الزكاة ودورها في توزيع الدخل القومي في مصر
653 ## - INDEX TERM--UNCONTROLLED
Uncontrolled term الإقتصاد الإسلامي
653 ## - INDEX TERM--UNCONTROLLED
Uncontrolled term الأنظمة الإقتصادية العالمية
653 ## - INDEX TERM--UNCONTROLLED
Uncontrolled term الزكاة
942 ## - ADDED ENTRY ELEMENTS (KOHA)
Koha item type كتب
المقتنيات
Withdrawn status Lost status Source of classification or shelving scheme Damaged status Not for loan Home library Current library Date acquired Serial enumeration / chronology Inventory number Total checkouts Full call number Barcode Date last seen Price effective from Koha item type
    Dewey Decimal Classification   NOT LOAN / إعارة داخلية مكتبة كلية العلوم الإقتصادية والعلوم التجارية وعلوم التسيير مكتبة كلية العلوم الإقتصادية والعلوم التجارية وعلوم التسيير 07/05/2026 الطابق الأرضي 25241   أ/4253ن1 25241 07/05/2026 07/05/2026 كتب
    Dewey Decimal Classification   Available مكتبة كلية العلوم الإقتصادية والعلوم التجارية وعلوم التسيير مكتبة كلية العلوم الإقتصادية والعلوم التجارية وعلوم التسيير 07/05/2026 الطابق الأرضي 25242   أ/4253ن2 25242 07/05/2026 07/05/2026 كتب
    Dewey Decimal Classification   Available مكتبة كلية العلوم الإقتصادية والعلوم التجارية وعلوم التسيير مكتبة كلية العلوم الإقتصادية والعلوم التجارية وعلوم التسيير 07/05/2026 الطابق الثاني 25243   أ/4253ن3 25243 07/05/2026 07/05/2026 كتب

موارد الويب المفتوحة


© University of Algiers 3 All Rights Reserved
|
Implemented by LECHELAH Riad